[Event "Turnier 40 / 120"]
[Site "Wien"]
[Date "2022.06.08"]
[Round "39"]
[White "Mephisto Magellan SH7034 - 20 MHZ"]
[Black "Mephisto Lyon 68020 - 12 MHZ"]
[Result "1-0"]
[BlackElo "2180"]
[WhiteElo "2231"]

{Analyse --------> Komodo 13.02.} 1. c4 Nf6 2. d4 c5 3. d5 e6 4. Nc3 exd5
5. cxd5 d6 6. e4 {Buchende} g6 {Buchende} 7. Bb5+ {Buchbewertung Mephisto
Magellan: +0,4} Nbd7 {Buchbewertung Mephisto Lyon 68020: -0,51 / lt. Komodo
steht Weiss nur eine Nuance bsser mit ca. +0,20} 8. Nge2 a6 9. Bd3 Bg7 10.
O-O O-O 11. a4 Ne5 12. Bc2 Qb6 13. f4 c4+ {die Stellung ist im Lot, Komodo
0,00} 14. Kh1 Neg4 15. Qe1 {besser ist a5, nach dem Textzug ist Schwarz
etwas im Vorteil, Komodo +0,50 mit der Fortsetzung Se3} Ne3 16. a5 Nxc2 17.
axb6 Nxe1 18. Rxe1 Bd7 19. h3 Nh5? {ein schwacher Zug, danach ist Weiss im
Vorteil, Komodo +1,00 mit der Fortsetzung g4, nach Tfe8 wäre Schwarz etwas
besser gestanden mit ca. +0,60} 20. g4 Nf6 21. Kg2? {das ist nicht
konsequent, damit verspielt Weiss wieder den Grossteil des Vorteiles,
Komodo +0,30, deutlich besser ist e5} Rfe8 22. Ng1 h5 {weniger gut, besser
ist Lb5, Komodo +0,70 für Weiss mit der Fortsetzung g5} 23. g5 Nh7 24. Nf3
Rac8 25. Bd2 Nf8 26. Ra2 Re7 27. Nd1 {Mephisto Magellan: +0,6} Rce8
{Mephisto Lyon 68020: +0,42 / Komodo +1,30 für Weiss} 28. Nf2 Bb5 29. Bb4
Rd7 30. Kg3 Nh7? {besser ist noch T7d8, nach dem Textzug ist die Partie
praktisch schon verloren für Schwarz, Komodo +2,00 mit der Fortsetzung Sd1}
31. Nd1! {ein starker Zug, Mephisto Magellan: +1,0} Nf8 {Mephisto Lyon
68020 bietet ein Remis durch Zugwiederholung an und ist der Meinung, dass
Weiss akzeptiert, er rechnet mit Sf2 mit einer Bewertung von 0,00 / Komodo
-2,20 mit der Fortsetzung Sc3} 32. Nc3 Rc8 {Mephisto Lyon 68020: -0,36} 33.
Ra5 Bxc3 34. bxc3 {die Stellung ist schon klar verloren für Schwarz, Komodo
-3,00} Rdd8 {Mephisto Lyon 68020: -1,12} 35. Nd4 {Mephisto Magellan: +1,5}
Be8 36. Rb1 {deutlich schwächer als e5} Nh7 37. Kh4 f6 38. gxf6 Nxf6 39.
Re1 Rd7 40. f5 {deutlich schwächer als Se6, dennoch steht Weiss klar auf
Gewinn, Komodo +3,00} Kg7 41. Ne6+ Kh6 {Mephisto Lyon 68020 ist hier weit
zu optimistisch, nur -0,45 / Komodo -4,00} 42. Ba3 {Mephisto Magellan ist
hingegen schon siegessicher: +1,9} Bf7 43. Bc1+ Kh7 44. Kg5 Ng8 45. Be3
gxf5 46. exf5 Ne7 47. Rg1 Rg8+ 48. Kf4 Rxg1 49. Bxg1 Kh8 50. Bd4+ {da ist
natürlich nichts mehr zu retten für Schwarz, Komodo -10,00} Kg8 51. Ra2
Nxd5+ 52. Ke4 Nxc3+ 53. Bxc3 Bxe6 54. fxe6 Rd8? {es spielt natürlich keine
Rolle mehr, aber übersieht ein Matt in 8 mit der Fortsetzung Tg2, länger
verzögert Te7.} 55. Rg2+ Kf8 56. Kf5 Re8 57. Bg7+ Kg8 58. Bb2+ Kf8
{Mephisto Lyon 68020: -16,2 ------> aufgegeben} 1-0
[/pgn]

[pgn]

[Event "Turnier 40 / 120"]
[Site "Wien"]
[Date "2022.06.09"]
[Round "40"]
[White "Mephisto Lyon 68020 - 12 MHZ"]
[Black "Mephisto Magellan SH7034 - 20 MHZ"]
[Result "0-1"]
[BlackElo "2231"]
[WhiteElo "2180"]

{Analyse -----> Komodo 13.02.} 1. e4 c6 2. Nf3 d5 3. Nc3 Bg4 4. h3 Bxf3 5.
Qxf3 Nf6 6. d3 e6 {Buchende} 7. Be2 {Buchende} Na6 {Buchbewertung Mephisto
Magellan: 0,0} 8. Bg5 {Buchbewertung Mephisto Lyon 68020: +0,48 / lt.
Komodo ist die Stellung etwa gleich} d4 9. Bxf6 gxf6 10. Nb1 Bg7 11. O-O
Qb6 12. Nd2 Qxb2??? {dieser Zug ist natürlich eine Katastrophe für Schwarz,
danach ist die Partie sofort verloren, Komodo -2,10, nötig war natürlich
0-0 mit nur geringem Vorteil für Weiss, der Fairness halber sei dazu
gesagt, auch Mephisto Lyon 68020 hatte diesen Unsinn erwartet.} 13. Nc4
{Mephisto Lyon 68020 sieht noch keinen grossen Vorteil: Bewertung +0,21}
Qc3 {Mephisto Magellan glaubt gar noch an eine ausgeglichene Stellung,
Bewertung 0,0 ??? / Komodo -2,00, klar lt. Analyse von Komodo geht mit der
Fortsetzung Tab1 bereits die schwarze Dame verloren für Turm und Springer
also bereits entscheidender Materialverlust für Schwarz} 14. Nd6+?
{schwächer als Tab1, allerdings bleibt Weiss klar im Vorteil, Komodo +1,50}
Ke7 15. Nxb7 e5??? {ein absurder Zug, danach ist die Partie sofort
verloren, Komodo -4,50 mit der Fortsetzung Df5, deutlich besser waren Thb8
oder Dd2 mit jeweils +1,50 für Weiss} 16. a3??? {aber leider macht es auch
Mephisto Lyon 68020 nicht besser und lässt die sofortige Gewinnchance
liegen, nach dem Textzug ist praktisch der gesamte Vorteil auf einen Schlag
verspielt, Komodo nur noch +0,50 für Weiss} Rab8? {klar schwächer als Thb8
damit ist Weiss wieder klar im Vorteil, Komodo +1,30 mit der Fortsetzung
Tab1} 17. Rab1 Qxc2 18. Rfc1 Qa4??? {und der nächste absolute Verlustzug,
damit ist bereits alles vorbei, Komodo -4,50 also das nicht zu sehen, dass
nach der Fortsetzung Ld1 die Dame nicht mehr aus kann das ist ja wohl
unterste Schublade, eigentlich unbegreiflich auf diesem ELO-Niveau, nötig
war natürlich Dd2, und das bewertet Mephisto Magellan noch dazu nach einer
Bedenkzeit von 7 Minuten in Erwartung von Kh2 ???? mit +0,3, also da fehlen
einem die Worte.} 19. Qg4? {doch neuerlich verpasst Mephisto Lyon 68020
diesen simplen sofortigen Gewinn, allerdings steht Weiss auch nach dem
Textzug noch ganz klar besser, Komodo +1,50 (aber um ganze 3
Bauerneinheiten schlechter als Ld1)} Bh6??? {also was sich hier abspielt
spottet jeder Beschreibung, nach dem Textzug ist es natürlich wieder das
gleiche Verlustmotiv, Ld1 und Schwarz kann aufgeben, Komodo -4,00, nötig
war natürlich das offensichtliche h5 mit Tempogewinn für Schwarz, da ja der
Lg7 nicht genommen werden kann, wegen Tbg8, unterirdisches Niveau !!!!} 20.
Bd1! {endlich nützt der Mephisto Lyon 68020 die Chance, wurde aber auch
wirklich Zeit.} Qxa3 {Mephisto Magellan: +0,3, ist ja unfassbar !!!!} 21.
Rxc6 Rhg8 22. Qf5 {aber falls man glaubt es sei damit schon gelaufen, ist
man im Irrtum, denn auch Mephisto Lyon 68020 sieht hier praktisch keinen
Vorteil, nur +0,06 / Komodo +4,80} Rg6 23. Bg4! {richtig} Kf8 24. Rd1???
{auch von Mephisto Lyon 68020 kommt wieder ein ganz schlechter Zug, der um
ganze 3 Bauerneinheiten schlechter ist als Tc8+, Komodo +2,00, für den Sieg
sollte es aber allemal noch reichen} Qe7 25. Nd6 Nc7 26. Nc8? {neuerlich
eine ganze Bauerneinheit schwächer als h4, Komodo +1,50 für Weiss} Qd8 27.
Rd6? {die nächste Ungenauigkeit, spätestens jetzt muss Weiss bereits
aufpassen, das nicht noch zu vergeigen, also was sich hier abspielt ist
einfach UNBESCHREIBLICH !!!, daher beende ich hier die weitere
Kommentierung für den Rest der Partie, hat keinen Sinn mehr, es fehlen mir
einfach die passenden Worte. / Komodo nur noch +0,80 für Weiss, nötig war
Ta1 mit ca. +1,50 für Weiss} Qe8 28. Nxa7 Ne6 29. Ra1 Bf4 30. g3 Bd2 31.
Rc6 Kg7 32. Ra2 Bc3 33. Bh5 Rg5 34. Qf3 Nf4 35. Bg4 h5 36. gxf4??? {ein
letzter Kommentar ist leider doch noch erforderlich, hier passiert jetzt
tatsächlich noch das Unfassbare und Mephisto Lyon 68020 verschenkt hier
jetzt gar noch den ganzen Punkt, nach meinem letzten Kommentar machte der
Mephisto Magellan noch mehrere spielentscheidende Fehler, die allesamt
nicht bestraft wurden und jetzt wird er für diese absurde Leistung noch mit
einem vollen Punkt belohnt, also da fehlen einem tatsächlich die richtigen
Worte, um das zu beschreiben / Komodo -6,00} Rb1+? {wirft neuerlich den
sofortigen Gewinn hin, Komodo +2,00 nötig war natürlich einfach hxg4} 37.
Kg2??? {und das Gruselkabinett nimmt einfach kein Ende, nötig war Kh2,
Komodo -6,50} hxg4 38. hxg4 Qh8 39. Qh3 Rg1+ 40. Kxg1 Qxh3 41. fxg5 fxg5??
{um ganze 4 Bauerneinheiten ! schlechter als Dxg4, Komodo +4,00} 42. Nb5
Qxd3?? {und nochmals um ganze 2 Bauerneinheiten schlechter immer noch als
Dxg4, Komodo +2,00} 43. Nxc3 dxc3 44. Kh2 Qxe4 45. Rxc3 Qxg4 46. Rc5 Qd4
47. Rac2 f5??? {ein ganz schlechter Zug, der praktisch den Sieg verschenkt,
Komodo 0,00, nötig war Kg6 mit ca. +2,00 für Schwarz} 48. R5c4 Qd1 49.
Rc5??? {und schon ist die Partie wieder verloren, Komodo -5,00, nötig war
Tc6, um den schwarzen König vom Geschehen auszuschliessen} f4 50. Rc1 Qh5+
51. Kg1 f3 52. Rxe5 Kf6 53. Rcc5 Qg4+ 54. Kf1 Qg2+ 55. Ke1 Qg1+ 56. Kd2
Qxf2+ 57. Kd3 Qf1+ 58. Kd2 Qg2+ 59. Kd1 Qg1+ 60. Kd2 Qd4+ 61. Ke1 f2+ {es
ist egal, es gewinnt auch das, aber warum nicht einfach Dxe5 ?} 62. Ke2
Qxe5+ 63. Rxe5 Kxe5 64. Kxf2 Kf4 65. Kg2 Kg4 66. Kf2 Kh3 67. Kf1 Kh2 68.
Ke2 {Mephisto Lyon 68020: -10,0 -----> aufgegeben !
EINE FÜR DIESES
ELO-NIVEAU UNWÜRDIGE VORSTELLUNG BEIDER GERÄTE, MEINER PERSÖNLICHEN MEINUNG
NACH NICHT NUR DIE MIT ABSTAND SCHLECHTESTE PARTIE DES LAUFENDEN
WETTKAMPFES, SONDERN AUCH EINE DER SCHLECHTESTEN PARTIEN DER GESAMTEN
SCHACHCOMPUTERGESCHICHTE !!!!!} 0-1
[/pgn]

[pgn]

[Event "Turnier 40 / 120"]
[Site "Wien"]
[Date "2022.06.10"]
[Round "41"]
[White "Mephisto Magellan SH7034 - 20 MHZ"]
[Black "Mephisto Lyon 68020 - 12 MHZ"]
[Result "1/2-1/2"]
[BlackElo "2180"]
[WhiteElo "2231"]

{Analyse -----> Komodo 13.02.} 1. e4 c6 2. d4 d5 3. e5 Bf5 4. h4 {Buchende}
h6 {Buchende} 5. c3 {Buchbewertung Mephisto Magellan: 0,0} e6
{Buchbewertung Mephisto Lyon 68020: +0,09 / lt. Komodo ist die Stellung
etwa gleich} 6. Nd2 Nd7 7. g4 Bh7 8. Bg2? {deutlich schwächer als Sdf3,
nach dem Textzug steht Schwarz bereits besser, Komodo +0,80 mit der
Fortsetzung c5} c5! 9. Qb3 cxd4 10. cxd4 b6 {klar schwächer als Se7, Komodo
+0,30 für Schwarz} 11. Ndf3 Rc8 12. Bd2 a6 {Schwarz sollte lieber an der
Entwicklung seines Königsflügels arbeiten, die Stellung ist im Lot} 13. Rc1
Rxc1+ 14. Bxc1 Qc7 15. Ne2 b5 16. Qc3 {besser ist 0-0, Komodo +0,60 für
Schwarz} Qxc3+ 17. bxc3 Bb1 18. a3 Be7 19. Nf4 Be4 20. Nh5 Kf8 21. Ng3 Bb1
22. Nd2 {die Stellung ist wieder im Lot} Bc2 23. Ndf1 f6 24. f4 fxe5 25.
fxe5 Bd3 26. Ne3 Nb6 27. Nh5? {deutlich besser ist Se2 mit etwas Vorteil
für Weiss mit ca. +0,80, nach dem Textzug ist die Stellung exakt im Lot,
Komodo 0,00 mit der Fortsetzung g5} g5 28. Rh3 Bb1 29. hxg5 Bxg5 30. Nf4
Bxf4 31. Rf3 Rh7 32. Rxf4+ Rf7 33. Rxf7+ Kxf7 34. Bh3 Be4 35. Ng2 Na8??
{ein Sonderbarer Zug, dass der Springer ins Eck gezogen wird, das sieht man
nicht allzu oft, Komodo +1,00 für Weiss mit der Fortsetzung Sf4, deutlich
besser ist natürlich Sa4 mit sehr geringem Vorteil für Weiss} 36. Ke2?
{auch nicht gerade das gelbe vom Ei, Komodo +0,30 für Weiss mit der
Fortsetzung Lxg2} Nc7 {deutlich schwächer als Lxg2, Komodo +1,00 für Weiss}
37. Kf2 {deutlich schwächer als Sf4, Komodo +0,40 für Weiss} Bd3 {klar
schwächer als Lxg2, Komodo -1,00} 38. Bf4 Be4 39. Ke3? {ein schwacher Zug,
Komodo nur noch +0,30 für Weiss, nötig war Ld2} Na8! {in diesem Fall die
richtige Wahl, der Springer muss wieder nach b6} 40. g5 hxg5 41. Bxg5 {die
Stellung ist im Lot, Komodo 0,00} Ne7 {etwas besser ist Lxg2, Komodo +0,40
für Weiss} 42. Nf4 Bf5??? {ein ganz schlechter Zug, danach ist die Partie
bereits verloren, Komodo +2,20 mit der Fortsetzung Lxe7 (der Fairness
halber sei auch hier dazu gesagt, auch Mephisto Magellan hatte Lf5
erwartet), nötig war Sc7 mit nur sehr geringem Vorteil für Weiss} 43. Bxe7
Bxh3 44. Bc5??? {ein Katastrophenzug, der den Sieg verschenkt, danach ist
die Partie Remis, nötig war natürlich Lb4, Lf5, La5 !! und der schwarze
Springer im Eck ist eingesperrt, das nicht zu sehen, ist schon
stümperhaft.} Bf5 45. Nh5 Nc7 46. Nf6 Na8 47. Nd7 a5 48. Nb8 a4 49. Nc6 Bh3
50. Ke2 Bg4+ 51. Kf2 Bf5 52. Kf3 Ke8 53. Ke3 Bh3 54. Ke2 Bg4+ 55. Ke1 Bf5
{Ja, wie er sich auch immer bemüht, jedoch der weisse König kann nicht
verhindern, dass der Schwarze Läufer auf die Diagonale b5-f1 gelangt, es
stehen alle schwarzen Bauern auf weissen Feldern und können vom eigenen
Läufer problemlos gedeckt werden, ebenso gilt das für alle auf schwarzen
Feldern stehenden weissen Bauern, diese Stellung lässt absolut nichts mehr
zu, daher Userentscheid: Remis (obwohl für mich völlig unverständlich sieht
hier Komodo 13.02 noch minimalen Vorteil mit ca. +0,30 für Weiss, das
überstimme ich aber in diesem Fall.} 56. Kd2 Bh3 {das sinnlose Katz und
Maus spiel, das sich der weisse König hier mit dem schwarzen Läufer
liefert, beende ich an dieser Stelle / eine Partie mit insgesamt noch
erträglichen Fehlern im Vergleich zur vorigen Runde eine Wohltat, dennoch
aus Sicht von Mephisto Magellan mehr als enttäuschend eine derart simple
Gewinnführung einen im Eck stehenden Springer innerhalb von 2 Zügen
einsperren zu können, das nicht zu sehen ist einfach STÜMPERHAFT !} 1/2-1/2
[/pgn]

[pgn]

[Event "Turnier 40 / 120"]
[Site "Wien"]
[Date "2022.06.10"]
[Round "42"]
[White "Mephisto Lyon 68020 - 12 MHZ"]
[Black "Mephisto Magellan SH7034 - 20 MHZ"]
[Result "1/2-1/2"]
[BlackElo "2231"]
[WhiteElo "2180"]

{Analyse ------> Komodo 13.02.} 1. e4 Nf6 2. e5 Nd5 3. d4 d6 4. c4 Nb6 5.
exd6 exd6 6. Nc3 {Buchende} g6 {Buchende} 7. Nf3 {Buchbewertung Mephisto
Lyon 68020: +0,48} Bg7 {Buchbewertung Mephisto Magellan: -0,3 / lt. Komodo
eine schlechte Eröffnung von Schwarz, Weiss steht klar besser +0,80} 8. Bg5
f6 9. Be3 c6 10. c5 Nd5 11. Nxd5 cxd5 12. Bb5+ {klar schwächer als Db3,
Komodo +0,60 für Weiss} Bd7 13. Bxd7+ Qxd7 14. O-O dxc5 15. dxc5 Nc6 16.
Bf4 O-O-O? {eindeutig die falsche Seite, klar besser ist 0-0, nach dem
Textzug steht Schwarz schon ganz schlecht, Komodo +1,40 mit der Fortsetzung
Tb1} 17. Re1? {das ist allerdings eine schwache Fortsetzung, danach ist
Weiss nur noch mit ca. +0,50 im Vorteil} Rhe8 18. Qb3 {besser ist Txe8, die
Stellung ist wieder im Lot, Komodo 0,00} g5 19. Bd6 g4 20. Nh4 f5 21. Qxd5
Bxb2 22. Rab1 Rxe1+? {deutlich schwächer als Te5, Komodo -0,90} 23. Rxe1
Nd4? {deutlich besser ist Lc3, nach dem Textzug ist die Partie praktisch
schon verloren für Schwarz, Komodo -1,50 mit der Fortsetzung g3} 24. Kh1???
{ein absurder Zug, was bitte soll das bringen, nach dem Motto ich weiss
nichts besseres, danach ist der gesamte Vorteil dahin, Komodo 0,00 mit der
Fortsetzung Te8} a6??? {aber es ist wieder mal eine Stellung die beide
Geräte hoffnungslos überfordert, Mephisto Magellan macht den nächsten
Verlustzug, Komodo -1,50 mit der Fortsetzung Tb1, hier beende ich vorläufig
die weitere Kommentierung, man muss sonst wieder einmal praktisch jeden Zug
kommentieren, schwierig !!!} 25. Rb1 Re8??? {leider hält mein Vorsatz nur
für einen Zug, dieser Zug muss wieder kommentiert werden, denn es ist
bereits ein absoluter Verlustzug, danach kann Schwarz die Partie bereits
aufgeben, Komodo -3,00 mit der Fortsetzung h3, nötig war natürlich das
Offensichtliche Lc3} 26. h3! {der richtige Zug, Weiss ist auf Kurs zum
Sieg, Mephisto Lyon 68020 sieht aber erst geringen Vorteil: +0,36} Bc3
{Mephisto Magellan macht sich noch gar keine Sorgen: 0,0 ??? / Komodo
-3,00} 27. Rb6??? {ein blamabler Zug, der kaum zu begreifen ist, nach dem
offensichtlichen Zug Dc4 bekommt Weiss sofort 2 Figuren für einen Turm mit
Dc4, Sb5, Txb5, Dxc3 und die Partie ist erledigt, nach dem Textzug gibt
Mephisto Lyon 68020 leider seinem Gegner wieder alle Chancen, Komodo nur
noch +1,00 für Weiss} Re1+??? {leider entwickelt sich hier wieder eine
Partie auf unterirdischem Niveau, wo praktisch jeder Zug ein Verlustzug ist
oder eine Chance vergibt, was bitte soll dieses sinnlose Schachgebot
bringen, ausser den weissen König in eine bessere Position zu bringen und
die eigene Grundlinie zu schwächen, nach dem Textzug ist die Partie
natürlich gleich wieder verloren, Komodo -2,00} 28. Kh2 Nc6 {Warum nicht
gleich, dieser Zug war zuvor nötig, jetzt bringt er nichts mehr} 29. Qxf5??
{der Damentausch entschärft die Stellung deutlich und hilft nur Schwarz,
gewonnen hätte natürlich Sxf5, Weiss ist noch mit ca. +1,00 im Vorteil}
Qxf5 30. Nxf5 Ba5? {deutlich besser ist Te2, nach dem Textzug ist die
Partie praktisch schon wieder verloren für Schwarz, Komodo -1,70} 31. Rb2
gxh3 32. Kxh3 {hier ist g4 etwas stärker, natürlich bleibt aber Weiss klar
im Vorteil, Komodo +1,20} Nb4? {praktisch jeder Zug von Mephisto Magellan
ist ein Fehlgriff, nötig war Lc3, nach dem Textzug schwinden die Chancen
von Schwarz wieder beträchtlich, Komodo -2,20, hier beende ich die
Kommentierung vorläufig, ist hier schon zu mühsam, praktisch jeder Zug muss
kommentiert werden, daher nur noch ein Kommentar: DIESE STELLUNG
ÜBERFORDERT IM BESONDEREN MEPHISTO MAGELLAN, AUCH WENN SEIN GEGNER AUCH
ALLES ANDERE ALS OPTIMAL AGIERT.} 33. Bg3?? {doch noch ein Kommentar, denn
dieser Zug halbiert den Vorteil von Weiss, alles andere als optimal, nötig
war Se7+, Komodo +1,30} Nd3 34. Nd6+ Kd7 35. Rxb7+ Kc6 36. Kg4?? {mit
diesem Zug bringt Mephisto Lyon 68020 leider den Sieg wieder einmal in
ernsthafte Gefahr, damit ist praktisch der gesamte Vorteil dahin, Komodo
nur noch +0,30 für Weiss mit der Fortsetzung Lc7, nötig war Tc8 mit ca.
+1,20 für Weiss} Bc7 37. Ra7 Nxc5 38. Nf5 Bxg3 39. Kxg3 Ra1 40. f4 h5 41.
Rh7 Rxa2 42. Rxh5 Nd3 43. Ne7+ Kc7 44. Rh6??? {Ja hier offenbart sich eine
grosse Lücke im Endspielwissen des Mephisto Lyon 68020, Turm + Springer
gewinnt natürlich nicht gegen den Turm, damit ist die Partie sofort Remis,
Sxf4, Kxf4, Txg2 und das war es dann, nötig war natürlich Sg6 und Schwarz
verfügt über 2 geschlossene Freibauern und sollte das leicht gewinnen.} Ne1
{aber natürlich verfügt auch Mephisto Magellan nicht über das entsprechende
Endspielwissen, obwohl diesen Zug kann man ihm wirklich nicht vorwerfen,
denn selbst Komodo 13.02 ist nach 4 Minuten Bedenkzeit und einer
Rechentiefe von 38 HZ, der Meinung Se1 sei der beste Zug, Stockfish 15
bewertet Sxf4 innerhalb von einer Sekunde mit 0,00, Komodo bewertet Se1 mit
+0,57 für Weiss, sehr verwunderlich auch von Komodo 13.02, der sollte ja
schon wissen, dass Turm + Springer nicht gewinnt gegen den Turm, also
manchmal ist man schon verblüfft.} 45. Nd5+ Kd7 46. Rh2 Re2 47. Nf6+ Ke6
48. Nh5 {geringen Vorteil versprach noch Sg4, nach dem Textzug ist die
Partie bereits Remis, Komodo 0,00} Kf5 49. Kh3 Kg6 50. Ng3 Rc2 51. Kg4 Rxg2
52. Rh1 Nd3 53. Ra1 {naja was soll man dazu sagen, Sxf4 und gut ist es,
wird von Stockfish 15 nach 1 Sekunde vorgeschlagen, Komodo 13.02 bleibt
hartnäckig bei Sc5, aber ist auch egal, denn auch das ist natürlich Remis
mit 0,00} Nc5 54. Rc1 Ne4 55. Kf3 Rxg3+ 56. Kxe4 {ein schwache Partie von
Mephisto Magellan, wo er neuerlich zahlreiche spielentscheidende Fehler
machte, leider fehlte es Mephisto Lyon 68020 an der nötigen Konsequenz, um
die gewonnene Stellung auch zum Sieg zu führen, ein weiteres Beispiel für
die Kategorie "verschenkte Siege" aus Sicht von Mephisto Lyon 68020}
1/2-1/2
[/pgn]

[pgn]